#HGGSP Date importante programme Histoire&Mémoire - Statistiques

Statistiques générales
  • Ce quiz a été pris 171 fois
  • Le résultat moyen est 20 sur 38
Statistiques - réponses
Hint Réponse % Correct
ONU crée le TPIY 1993
88%
ONU crée TPIR 1994
87%
Elections de Paul Kagamé 1994
87%
Procès de Paul Touvier 1994
87%
Procès de Nuremberg 1945/1946
85%
Indépendance du Rwanda 1962
83%
Accords d'Evian 1962
83%
Procès Einchman à Jérusalem 1961
77%
CDG rencontre Adenauer devant la cathédrale de Reims, qui fut détruite lors de la 1er Guerre mondiale 1961
77%
Violence à Paris et à Alger. Au même moment, le Putsch d'Alger se met en place 1961
77%
Envoi des casques bleus en Yougoslavie 1992
71%
Date de la bataille d'Alger 1956/1957
64%
FLN se fait connaitre en Algérie grâce à la publication de son manifeste pronant l'indépendance du pays 1954
63%
Indépendance Algérienne 1963
63%
Condamnation de 10 membres du commando d'action Einsatzgruppen par la cour d'assisse d'Ulm 1958
61%
Création du centre national d'Enquêtes sur les crimes de guerre 1958
61%
CDG élu dans un contexte tendu et est soutenu par les militaires d'Algérie voulant une Algérie française 1958
61%
Loi condamnant le négationnisme de la Shoah pour éviter toute manipulation de l'histoire ou "Loi Gayssot" 1990
60%
Procès de Papon Maurice 1997
60%
Envoi du contingent 1956
59%
Loi reconnaissant les anciens soldats ayant combattu lors de la guerre d'Algérie 1999
55%
E.Macron demande pardon aux Harkis 2021
54%
Unification de 6 pays en Europe de l'Ouest afin de créer une alliance économique pour le charbon et l'acier 1951/1952
53%
Version actualisé de la conférence de Genève, après la guerre d'indépendance de l'Indochine 1949
50%
CDG propose l'autodétermination de l'Algérie 1959
50%
1er procès pour crime contre l'humanité en France 1987
49%
Enseignement de la guerre d'Algérie dans les manuels d'histoires français 1983
43%
NSDAP gagne les élections allemandes sur fond de réarmement de l'Allemagne, ce qui est soutenu par les industriels et la population 1933
42%
Helmut-Kohl et François Mittérand se retrouve main dans la main devant l'ossuaire de Douaumont, près de Verdun 1984
40%
Création du mémorial du Martyr 1953
35%
Coup d'Etat de la part du président Juvénal 1973
34%
Algérie & France sont membres de l'Union pour la Méditerranée(UpM) 2008
26%
Clause de Martens et première conférence pour le droit international à la Haye 1899
7%
Procès de Tokyo 1946 - 1948
7%
Réveil des groupes de mémoires qui étaient étouffés par la mémoire officielle de l'Etat pour la 2nd Guerre mondiale 1970 s
3%
Violente propagande anti-tutsi 1960 s
2%
Montée en puissance du phénomène de "Nostalgérie" dans les pensées des anciens français ayant quitté l'Algérie lors de son indépendance 1980 s
2%
Apparition de thèse négationniste 1970 s - 1980 s
1%
Aucun quiz correspondant
Distribution des résultats
% des personnes avec chaque résultat
Percentile par nombre de réponses
Votre historique - résultats
Vous n’avez pas pris ce quiz